Nation, style, modernism
| Titel: | Nation, style, modernism : [proceedings of the international conference under the patronage of Comité International d'Histoire de l'Art (CIHA), organized by the Zentralinstitut für Kunstgeschichte, Munich, and the International Cultural Centre, Cracow 86 - 12 September, 2003)] / Jacek Purchla, Wolf Tegethoff (eds.) |
|---|---|
| Beteiligt: | ; |
| Körperschaft: | |
| Veröffentlicht: |
Cracow : International Cultural Centre, 2006 München : Zentralinst. für Kunstgeschichte, 2006 |
| Umfang: | 390 Seiten : Illustrationen ; 25 cm |
| Format: | Buch |
| Sprache: | Englisch; Deutsch; Französisch |
| Schriftenreihe/ mehrbändiges Werk: |
CIHA conference papers ; 1 |
| RVK-Notation: |
·
·
|
| ISBN: | 8389273365 |
| Hinweise zum Inhalt: |
Inhaltsverzeichnis
|
alg: 18235142 001A $00030:09-11-06 001B $01999:02-05-24 $t08:24:35.000 001D $00026:17-02-10 001U $0utf8 001X $00 002@ $0Aau 002C $aText $btxt $2rdacontent 002D $aohne Hilfsmittel zu benutzen $bn $2rdamedia 002E $aBand $bnc $2rdacarrier 003@ $0182351424 003O $0180107683 $aOCoLC 004A $083-89273-36-5 006G $098188802X 006L $098188802X $2DNB 006U $007,B14,0358 $f20061113 007A $0182351424 $aHEB 009P $qapplication/pdf $A2 $3Inhaltsverzeichnis $uhttp://scans.hebis.de/HEBCGI/show.pl?18235142_toc.pdf $mV:DE-604 010@ $aeng $ager $afre 011@ $a2006 013D $RWissenschaftliche Literatur $RAufsatzsammlung $#Konferenzbericht $71071861417 $8Konferenzschrift [Tsz] $9359646190 $y2003 $zKrakau 017A $asf 021A $aNation, style, modernism $d[proceedings of the international conference under the patronage of Comité International d'Histoire de l'Art (CIHA), organized by the Zentralinstitut für Kunstgeschichte, Munich, and the International Cultural Centre, Cracow 86 - 12 September, 2003)] $hJacek Purchla, Wolf Tegethoff (eds.) 028C $7138838070 $8Purchla, Jacek$Z1954- [Tp3] $921442846X 028C $71051416752 $8Tegethoff, Wolf$Z1953- [Tp1] $9340395605 029F $#Zentralinstitut für Kunstgeschichte München $#Zentralinstitut für Kunstgeschichte in München $#ZI $#ZIKG $739027-6 $8Zentralinstitut für Kunstgeschichte [Tb1] $9040383970 033A $pCracow $nInternational Cultural Centre 033A $pMünchen $nZentralinst. für Kunstgeschichte 034D $a390 Seiten 034I $a25 cm 034M $aIllustrationen 036E $aCIHA conference papers $l1 036F $x11 $8CIHA conference papers $9182427463 $l1 044K $RKünste $RKunstwerk $#Art $#Art $#Arte $#Arte $#arts $#Art $#Bildende Kunst $#Kunst $#Bildende Kunst $#Kunstdenkmal Kunst $74114333-4 $8Kunst [Tsz] $9085341703 044K $74124256-7 $8Stil [Ts1] $9085413895 044K $#Nation-state $#Nation $#Nation $#Nation $#Nation $#National $#Nationalgedanke $#Nationale Frage Nation $#Nationen $74041279-9 $8Nation [Ts1] $9085112968 044K $RModernität $RPostmoderne $#Civilization, Modern $#Civilisation moderne $#Moderne $#Moderne Kultur $#Avantgarde Moderne $74039827-4 $8Moderne [Ts1] $9085109002 045E $c700 045F $a701.18 $eDDC22ger 045G $a700.103 $eDDC22ger 045Z $8LH 11800 [Tkv] $9409871567 045Z $8LH 61110 [Tkv] $9409890332 045Z $8LH 65800 [Tkv] $9409894990 046L $aBeiträge teilweise deutsch, teilweise englisch, teilweise französisch lok: 18235142 3 101B $010-11-06 $t13:04:45.000 101C $010-11-06 145S/01 $a028 101U $0utf8 exp: 18235142 3 1 #EPN 201B/01 $002-09-22 $t12:55:49.000 201C/01 $009-11-06 201U/01 $0utf8 203@/01 $0478951663 208@/01 $a10-11-06 $bzCt 209A/01 $a03/LH 11800 K89.2003 $db $f050 $h03 LH 11800 K89 2003 $x00 209B/01 $a4707 $x05 209C/01 $aK 06/1251 $hK 06 1251 209G/01 $a3002739773 $x00 247C/01 $8601050-7 <30/50>Frankfurt, Universitätsbibliothek J. C. Senckenberg, Bibliothek Sprach- und Kulturwissenschaften (BSKW) $9486206378 lok: 18235142 78 exp: 18235142 78 1 #EPN 201B/01 $026-06-17 $t15:05:10.000 201C/01 $026-06-17 201U/01 $0utf8 203@/01 $01001931408 208@/01 $a26-06-17 $be 209A/01 $a/ $f000 $x00 209A/01 $ab*p $x01 220C/01 $apgar 244Z/01 $#Generalgouvernement Polen $#Polska $#Rzeczpospolita Polska $#Polska Rzeczpospolita Ludowa $#Poland $#Pologne $#République Polonaise $#Generalne Gubernatorstwo w Polsce $#Polish People's Republic $#Polska Rzeczpospolita Polen $#PRL $#RP $#Polen Generalgouvernement $#Polska Generalgouvernement $#Besetzte Polnische Gebiete $#Besetztes Gebiet in Polen $#Okupowane Polskie Obszary $#Obszary Okupowane w Polsce $#Volksrepublik Polen $#Polska Rosyjska $#Republic Polen $#Respublika Pol'ša $#Pol'skaja Narodnaja Respublika $#République de Pologne $#Polen Links der Weichsel $#Polska po Lewej Stronie Wisły $#Lenkija $#Polija $#Gubernija Carstva Pol'skago $#Republik Polen $74046496-9 $8--Tg1--Polen $x01 $9085129801 247C/01 $82080>Marburg/Lahn, Herder-Institut, Forschungsbibliothek, Bibliographieportal $9336309341 lok: 18235142 204 exp: 18235142 204 1 #EPN 201B/01 $002-03-10 $t13:46:09.000 201C/01 $028-09-09 201U/01 $0utf8 203@/01 $058209559X 208@/01 $a17-02-10 $bzUB 209A/01 $aFH his Fn 7.9 $du $f000 $hfh his fn 7 9 $x00 209C/01 $a10200 209G/01 $a60802750 $x00 247C/01 $8631000-x <26>Gießen, Universität Gießen, Universitätsbibliothek Gießen $9102596697 lok: 18235142 205 exp: 18235142 205 1 #EPN 201B/01 $023-07-25 $t12:45:10.000 201C/01 $028-11-06 201U/01 $0utf8 203@/01 $0488127467 208@/01 $a28-11-06 $bz 209A/01 $aA II 421/6 $db $f038 $x00 209B/01 $a80 $x05 209C/01 $anel0611t 209C/01 $a2006/0756 209G/01 $a67219473 $x00 247C/01 $8351038-4 <4/038>Marburg, Universität Marburg, Bibliothek Kunst und Kulturwissenschaften, Kunstgeschichte $9102594775
| LEADER | 00000cam a2200000 c 4500 | ||
|---|---|---|---|
| 001 | 182351424 | ||
| 003 | DE-603 | ||
| 005 | 20240502082435.0 | ||
| 007 | tu | ||
| 008 | 061109s2006 xx |||| | u10||u|eng | ||
| 015 | |a 07,B14,0358 |2 dnb | ||
| 016 | 7 | |2 DE-101 |a 98188802X | |
| 020 | |a 8389273365 | ||
| 035 | |a (DE-599)HEB182351424 | ||
| 035 | |a (DE-101)98188802X | ||
| 035 | |a (OCoLC)180107683 | ||
| 040 | |a DE-603 |b ger |c DE-603 |d DE-603 | ||
| 041 | |a eng |a ger |a fre | ||
| 082 | 0 | 4 | |8 1\u |a 701.18 |q DE-101 |2 22/ger |
| 083 | 0 | |8 2\u |a 700.103 |q DE-101 |2 22/ger | |
| 084 | |a 700 |q DE-101 |2 sdnb | ||
| 084 | |a LH 11800 |0 (DE-625)92336: |0 (DE-603)409871567 |2 rvk | ||
| 084 | |a LH 61110 |0 (DE-625)94211: |0 (DE-603)409890332 |2 rvk | ||
| 084 | |a LH 65800 |0 (DE-625)94560: |0 (DE-603)409894990 |2 rvk | ||
| 090 | |a b | ||
| 245 | 0 | 0 | |a Nation, style, modernism |b [proceedings of the international conference under the patronage of Comité International d'Histoire de l'Art (CIHA), organized by the Zentralinstitut für Kunstgeschichte, Munich, and the International Cultural Centre, Cracow 86 - 12 September, 2003)] |c Jacek Purchla, Wolf Tegethoff (eds.) |
| 264 | 1 | |a Cracow |b International Cultural Centre |c 2006 | |
| 264 | 1 | |a München |b Zentralinst. für Kunstgeschichte |c 2006 | |
| 300 | |a 390 Seiten |b Illustrationen |c 25 cm | ||
| 336 | |a Text |b txt |2 rdacontent | ||
| 337 | |a ohne Hilfsmittel zu benutzen |b n |2 rdamedia | ||
| 338 | |a Band |b nc |2 rdacarrier | ||
| 490 | 1 | |a CIHA conference papers |v 1 | |
| 546 | |a Beiträge teilweise deutsch, teilweise englisch, teilweise französisch | ||
| 650 | 7 | |a Kunst |0 (DE-588)4114333-4 |0 (DE-603)085341703 |2 gnd | |
| 650 | 7 | |a Stil |0 (DE-588)4124256-7 |0 (DE-603)085413895 |2 gnd | |
| 650 | 7 | |a Nation |0 (DE-588)4041279-9 |0 (DE-603)085112968 |2 gnd | |
| 650 | 7 | |a Moderne |0 (DE-588)4039827-4 |0 (DE-603)085109002 |2 gnd | |
| 655 | 7 | |a Konferenzschrift |y 2003 |z Krakau |2 gnd-content |0 (DE-588)1071861417 |0 (DE-603)359646190 | |
| 700 | 1 | |a Purchla, Jacek |d 1954- |0 (DE-603)21442846X |0 (DE-588)138838070 |2 gnd | |
| 700 | 1 | |a Tegethoff, Wolf |d 1953- |0 (DE-603)340395605 |0 (DE-588)1051416752 |2 gnd | |
| 710 | 2 | |a Zentralinstitut für Kunstgeschichte |0 (DE-603)040383970 |0 (DE-588)39027-6 |2 gnd | |
| 810 | 2 | 2 | |a International Committee on the History of Art |t CIHA conference papers |v 1 |w (DE-603)182427463 |w (DE-600)2260757-2 |9 11 |7 as |
| 856 | 4 | 2 | |m V:DE-604 |q application/pdf |u http://scans.hebis.de/HEBCGI/show.pl?18235142_toc.pdf |3 Inhaltsverzeichnis |
| 924 | 0 | |9 30/50 |a (DE-603)478951663 |b DE-30-50 |c HES |d d |g 03/LH 11800 K89.2003 | |
| 924 | 0 | |9 2080 |a (DE-603)1001931408 |b DE-2080 |c HES |d d |g / | |
| 924 | 0 | |9 26 |a (DE-603)58209559X |b DE-26 |c HES |d c |g FH his Fn 7.9 | |
| 924 | 0 | |9 4/038 |a (DE-603)488127467 |b DE-4-038 |c HES |d d |g A II 421/6 | |


